| 000 | 00573nam a22001931a 4500 | ||
|---|---|---|---|
| 001 | 11856 | ||
| 003 | OSt | ||
| 005 | 20260204212259.0 | ||
| 008 | 131207s2006|||| ||||||b||||||||||spa|| | ||
| 020 | _a8492311304 | ||
| 082 | _aRD972.93052 N349a | ||
| 100 | _aNuñez Polanco, Diomedes | ||
| 245 | _aAnexionismo y Resistencia : Relaciones Dominio Norteamericana en tiempo de General Baez y Luperon / Diomedes Nuñez Polanco | ||
| 250 | _a2 ed. | ||
| 264 | _aSanto Domingo : Alfa y Omega | ||
| 300 | _a303 P | ||
| 500 | _aHistoria Republica DominicnaÌ | ||
| 942 |
_2ddc _cBK |
||
| 999 |
_c11856 _d11856 |
||